000 00464nam a2200193Ia 4500
005 20250603144432.0
008 250603s9999 xx 000 0 und d
020 _a81-219-2573-8
050 _aTJ 260 .K58/
100 _aKhurmi, R. S.
245 2 _aA textbook of thermal engineering (S.I units)
250 _a15th ed.
260 _aNew Delhi
260 _bS. Chand and Company
260 _c2008
300 _a895 p
650 _aNew Delhi
942 _cBK
999 _c38910
_d38910